[Event "POL Olympiad U14"]
[Site "Spala"]
[Date "2014.12.30"]
[Round "5.18"]
[White "Wrobel, Michal"]
[Black "Mendak, Mateusz"]
[Result "0-1"]
[WhiteElo "1746"]
[BlackElo "1575"]
[PlyCount "88"]
[EventDate "2014.04.06"]
[EventType "swiss"]
[EventRounds "9"]
[EventCountry "POL"]
[SourceTitle "EXT 2023"]
[Source "ChessBase"]
[SourceDate "2022.10.05"]
[SourceVersion "1"]
[SourceVersionDate "2022.10.05"]
[SourceQuality "1"]

1. e4 c6 2. d4 d5 3. exd5 cxd5 4. Bd3 Nc6 5. c3 Qc7 6. h3 Nf6 7. Nf3 h6 8. 0-0 e6 9. Re1 Bd6 10. b3 0-0 11. Bb2 Rd8 12. Na3 a6 13. Nc2 b5 14. Qe2 Nh5 15. g3 Bxg3 16. fxg3 Qxg3+ 17. Qg2 Qxg2+ 18. Kxg2 Nf4+ 19. Kh2 Nxd3 20. Reb1 e5 21. dxe5 Ncxe5 22. Nxe5 Nxe5 23. Nd4 Be6 24. Rd1 Rac8 25. Rac1 Re8 26. Rc2 g5 27. Re2 Ng6 28. Rf2 Nf4 29. h4 Ng6 30. hxg5 hxg5 31. Kg3 Kg7 32. Nf5+ Bxf5 33. Rxf5 f6 34. Rfxd5 Re3+ 35. Kf2 Rh3 36. Rd7+ Kh6 37. Kg1 f5 38. R1d6 Rg8 39. Rxa6 Kh5 40. Rb6 Kg4 41. c4 Nf4 42. c5 Re8 43. Rd2 Kg3 44. Rd1 Ne2+ 0-1

[Event "POL-chT U19 2nd League"]
[Site "Szczyrk"]
[Date "2014.07.31"]
[Round "9.45"]
[White "Wrobel, Michal"]
[Black "Gazik, Jakub"]
[Result "0-1"]
[WhiteElo "1720"]
[BlackElo "1461"]
[PlyCount "136"]
[EventDate "2014.07.25"]
[EventType "team-swiss"]
[EventRounds "11"]
[EventCountry "POL"]
[SourceTitle "EXT 2015"]
[Source "ChessBase"]
[SourceDate "2014.11.20"]
[SourceVersion "1"]
[SourceVersionDate "2014.11.20"]
[SourceQuality "1"]
[WhiteTeam "Wroclaw MUKS MDK Srodmiescie U19 II"]
[BlackTeam "Jastrzebie Zdroj Pionier U19"]
[WhiteTeamCountry "POL"]
[BlackTeamCountry "POL"]

1. e4 e6 2. d4 d5 3. exd5 exd5 4. Nf3 Bd6 5. c4 c6 6. Nc3 Ne7 7. c5 Bc7 8. Bd3 Bf5 9. 0-0 Bxd3 10. Qxd3 Nd7 11. b4 a6 12. Bd2 0-0 13. a4 b5 14. cxb6 Nxb6 15. a5 Nc4 16. Na4 Bd6 17. Bc3 Rb8 18. Rfb1 Ng6 19. Nd2 Nf4 20. Qf1 Re8 21. Nxc4 Ne2+ 22. Kh1 Bxh2 23. Nd2 Bg3 24. fxg3 Nxg3+ 25. Kg1 Nxf1 26. Rxf1 Qg5 27. Rae1 Qg3 28. Nf3 h5 29. Ne5 f6 30. Nxc6 Rbc8 31. Rxe8+ Rxe8 32. Rf3 Qc7 33. Nc5 Qxc6 34. Kf2 Qb5 35. Rd3 Rc8 36. Re3 Re8 37. Rxe8+ Qxe8 38. Nxa6 Qb5 39. Nc5 Qc4 40. Be1 Qxd4+ 41. Kf1 Qc4+ 42. Kf2 d4 43. a6 d3 44. Bd2 f5 45. g3 h4 46. gxh4 Qxh4+ 47. Ke3 Qc4 48. Nxd3 Qxa6 49. Nf4 Qa3+ 50. Ke2 g5 51. Nd3 g4 52. Ne1 Qa6+ 53. Kf2 Qb6+ 54. Kg2 Qd4 55. Bg5 Qxb4 56. Bh4 Qd2+ 57. Kf1 f4 58. Bf2 g3 59. Bg1 g2+ 60. Nxg2 f3 61. Bf2 fxg2+ 62. Kxg2 Kf7 63. Kf3 Kf6 64. Be3 Qd3 65. Kf4 Qf5+ 66. Kg3 Qd3 67. Kf4 Qc4+ 68. Kf3 Kf5 0-1

[Event "POL-chT U19 3rd League Dolnoslaskie"]
[Site "Karpacz"]
[Date "2012.??.??"]
[Round "4.3"]
[White "Mozol, Dawid"]
[Black "Wrobel, Michal"]
[Result "1-0"]
[WhiteElo "1526"]
[BlackElo "1480"]
[PlyCount "95"]
[EventDate "2012.03.30"]
[EventType "team-tourn"]
[EventRounds "6"]
[EventCountry "POL"]
[SourceTitle "EXT 2015"]
[Source "ChessBase"]
[SourceDate "2014.11.20"]
[SourceVersion "1"]
[SourceVersionDate "2014.11.20"]
[SourceQuality "1"]
[WhiteTeam "Zarow Goniec U19"]
[BlackTeam "Wroclaw KS Polonia U19 III"]
[WhiteTeamCountry "POL"]
[BlackTeamCountry "POL"]

1. e4 e6 2. d4 d5 3. Nc3 Bb4 4. e5 c5 5. a3 Bxc3+ 6. bxc3 Qc7 7. Nf3 Ne7 8. Bd2 0-0 9. Be2 b6 10. 0-0 Ba6 11. g3 Bxe2 12. Qxe2 cxd4 13. Nxd4 Nbc6 14. Nxc6 Qxc6 15. Qd3 Rac8 16. Rab1 Rfd8 17. Rb2 Qc5 18. a4 Ng6 19. Qd4 Qc4 20. f4 Qxd4+ 21. cxd4 Rc4 22. a5 Rxd4 23. Be3 Re4 24. axb6 Rxe3 25. bxa7 Ra3 26. Rb8 Rf8 27. Rb7 h6 28. Rfb1 Kh7 29. Rc7 Ra8 30. Rbb7 Nh8 31. Kf2 g5 32. f5 Ra6 33. Re7 exf5 34. e6 Kg6 35. exf7 Kf6 36. Re8 Nxf7 37. Rxa8 Rc6 38. Rxf7+ Kxf7 39. Rf8+ Kxf8 40. a8Q+ Ke7 41. Qxc6 Kf8 42. Qd7 f4 43. gxf4 gxf4 44. Kf3 d4 45. Kxf4 h5 46. Kf5 h4 47. Kg6 h3 48. Qf7# 1-0

[Event "Wroclaw op-B 6th"]
[Site "Wroclaw"]
[Date "2011.07.11"]
[Round "9"]
[White "Wrobel, Michal"]
[Black "Koza, Stanislaw"]
[Result "1/2-1/2"]
[WhiteElo "1436"]
[BlackElo "1525"]
[PlyCount "73"]
[EventDate "2011.07.04"]
[EventType "swiss"]
[EventRounds "9"]
[EventCountry "POL"]
[SourceTitle "EXT 2023"]
[Source "ChessBase"]
[SourceDate "2022.10.05"]
[SourceVersion "1"]
[SourceVersionDate "2022.10.05"]
[SourceQuality "1"]

1. d4 d5 2. c4 e6 3. Nc3 Be7 4. Nf3 Nf6 5. Bf4 0-0 6. e3 c5 7. cxd5 exd5 8. dxc5 Bxc5 9. a3 a6 10. b4 Ba7 11. Be2 Nc6 12. 0-0 h6 13. Qc2 Be6 14. Rfd1 Qe7 15. Rac1 Rfd8 16. Nd4 Nxd4 17. exd4 Rac8 18. Qb2 Ne4 19. Na4 Qf6 20. Rxc8 Rxc8 21. Bg3 b5 22. Nc5 Bxc5 23. bxc5 Rxc5 24. Bf3 Nxg3 25. hxg3 Rc8 26. Qb3 Qf5 27. a4 Qc2 28. Qxc2 Rxc2 29. axb5 axb5 30. Rb1 Rc4 31. Rxb5 Rxd4 32. Kf1 Kf8 33. Ke2 Ke7 34. Ke3 Ra4 35. Bxd5 Ra3+ 36. Kd2 Bxd5 37. Rxd5 1/2-1/2

[Event "Wroclaw op-B 6th"]
[Site "Wroclaw"]
[Date "2011.07.05"]
[Round "3"]
[White "Bes, Michal"]
[Black "Wrobel, Michal"]
[Result "1-0"]
[WhiteElo "1906"]
[BlackElo "1436"]
[PlyCount "65"]
[EventDate "2011.07.04"]
[EventType "swiss"]
[EventRounds "9"]
[EventCountry "POL"]
[SourceTitle "EXT 2023"]
[Source "ChessBase"]
[SourceDate "2022.10.05"]
[SourceVersion "1"]
[SourceVersionDate "2022.10.05"]
[SourceQuality "1"]

1. Nf3 d5 2. c4 d4 3. e3 dxe3 4. fxe3 b6 5. d4 Bb7 6. Nc3 Nf6 7. Bd3 g6 8. 0-0 Bg7 9. Qe2 0-0 10. Kh1 e6 11. e4 Nbd7 12. e5 Ne8 13. Be4 Bxe4 14. Qxe4 h6 15. Be3 c5 16. Rad1 Qc8 17. d5 Nc7 18. d6 Na6 19. Nb5 Kh8 20. a3 Rd8 21. Qh4 Kg8 22. Bxh6 Nf8 23. Bxg7 Kxg7 24. Qf6+ Kg8 25. Ng5 Rd7 26. Nxf7 Rxf7 27. Qxf7+ Kh8 28. Rd3 Nh7 29. Rh3 Qg8 30. Qb7 Rb8 31. Qxa6 Ra8 32. Qb7 g5 33. Rf7 1-0